00621nam a22002057a 4500003001100000005001700011008004100028020001500069040003900084041000800123082001600131100003200147245002200179260003900201300003800240650003200278650003800310650004700348700002000395LK-CoMWRAF20231024113743.0231016b2009 |||||||| |||| 00| 0 eng d a9679472728 aLK-CoMWRAFdLK-CoMWRAFeLK-CoMWRAF aeng a305.42bBAD aBadlishah, Nik Noriani, Nik aWomen as judges aSelangor:bSisters in Islam,c2009 a41 p. 21cmbBibliography included aWOMEN JUDGES (Islamic law) aWomen as judges-Islamic countries aWomen in the professions-Islamic countries aMasidi, Yasmin